000 00825cam a2200253 a 4500
001 2089245
005 20180214085158.0
008 951006s1996 nyu b 001 0 eng
010 _a 95042339
020 _a0195102967 (cloth : acidfree paper)
020 _a0195108167 (pbk. : acidfree paper)
040 _aDLC
_cDLC
_dDLC
041 _aeng
043 _af------
_aa------
080 _a320.917.671 JOH
082 0 0 _a320.917.671 JOH
_220
100 1 _a23.
101 _aPOL
245 1 0 _aIslam and democracy /
_cJohn L. Esposito, John O. Voll.
504 _aIncludes bibliographical references (p. 221-223) and index.
906 _a7
_bcbc
_corignew
_d1
_eocip
_f19
_gy-gencatlg
942 _2ddc
_cBK
999 _c42533
_d42533